LIBRARY & INFORMATION CENTRE, KCAET, TAVANUR

ONLINE PUBLIC ACCESS CATALOGUE (OPAC)

Kavithayilekkoru Kythiri / (Record no. 11687)

MARC details
000 -LEADER
fixed length control field 00293cam a2200121ua 4500
082 ## - DEWEY DECIMAL CLASSIFICATION NUMBER
Classification number 894.81202
Item number NAM/KA
100 ## - MAIN ENTRY--AUTHOR NAME
Personal name Namboothri, A.P.P .
245 00 - TITLE STATEMENT
Title Kavithayilekkoru Kythiri /
250 ## - EDITION STATEMENT
Edition statement 1 /
260 ## - PUBLICATION, DISTRIBUTION, ETC. (IMPRINT)
Place of publication Thrissur :
Name of publisher Current Books ,
Year of publication 1960.
300 ## - PHYSICAL DESCRIPTION
Number of Pages 278 ; .
942 ## - ADDED ENTRY ELEMENTS (KOHA)
Koha item type Books
Holdings
Withdrawn status Lost status Damaged status Home library Current library Date acquired Full call number Accession Number Koha item type
Withdrawn     KAUAET Malayalam University 07/04/2012 894.81202 10222 Books
Withdrawn     KAUAET RARS Pattambi 07/04/2012 894.81202 1667 Books
free website counter